La Pascua del Señor: comentarios sobre los oficios de Semana Santa

保存先:
書誌詳細
第一著者: Bouyer, Louis
フォーマット: 図書
言語:スペイン語
出版事項: Buenos Aires, Argentina Desclée de Brouwer 1951
シリーズ:Les Compagnons de Notre Dame
主題:
タグ: タグ追加
タグなし, このレコードへの初めてのタグを付けませんか!

MARC

LEADER 00000nam a2200000 a 4500
001 UCR1759
003 CL-VaPUC
005 20211215102942.0
008 971219e19510000AG |||||||||||||||||spa|d
999 |c 265124  |d 265122 
040 |c Pontificia Universidad Católica de Valparaíso 
082 0 4 |a 263.93 BOU 1951  |2 21 
100 0 |a Bouyer, Louis  |9 399215 
245 1 3 |a La Pascua del Señor: comentarios sobre los oficios de Semana Santa 
260 0 3 |a Buenos Aires, Argentina  |b Desclée de Brouwer  |c 1951 
300 |a 98 páginas 
490 0 |a Les Compagnons de Notre Dame 
583 |a last modification  |c 19971219 00:00:00  |k Rodrigo Vera 
650 7 |a PASCUA DE RESURRECCION  |2 CL-VaPUC  |9 317172 
650 7 |a PASCUA HEBREA  |2 CL-VaPUC  |9 317173 
650 0 |a Semana Santa  |9 399216 
650 7 |a PROCESION  |2 CL-VaPUC  |9 399217 
650 7 |a RESURRECCION  |2 CL-VaPUC  |9 314406 
650 7 |a PASION Y MUERTE DE JESUCRISTO  |2 CL-VaPUC  |9 399207 
942 |c BK  |2 ddc 
945 |d 19971219 00:00:00  |a jquezada 
952 |0 0  |1 0  |2 ddc  |4 0  |6 263_930000000000000_BOU_1951  |7 0  |8 A  |9 295937  |a BIBTEO  |b BIBTEO  |d 2019-11-20  |i 3372669  |o 263.93 BOU 1951  |p 3372669  |r 2025-01-17  |t 1  |w 2019-11-20  |y BK  |k ICR